[Event "Mittelrhein Verbandsliga-M 16/17"]
[Site "Nordrheinwestfalen"]
[Date "2016.10.23"]
[Round "3.7"]
[White "Hagen, Henk"]
[Black "Quabach, Juergen"]
[Result "1-0"]
[WhiteElo "1661"]
[BlackElo "1719"]
[PlyCount "95"]
[EventDate "2016.09.11"]
[EventType "team-tourn"]
[EventRounds "11"]
[EventCountry "GER"]
[SourceTitle "EXT 2022"]
[Source "ChessBase"]
[SourceDate "2021.10.06"]
[SourceVersion "1"]
[SourceVersionDate "2021.10.06"]
[SourceQuality "1"]
[WhiteTeam "Langenfeld II"]
[BlackTeam "Gruenfeld"]
[WhiteTeamCountry "GER"]
[BlackTeamCountry "GER"]

1. Nf3 g6 2. e4 c6 3. d3 Bg7 4. g3 e5 5. Bg2 Ne7 6. Nbd2 d5 7. c3 f5 8. Qe2 0-0 9. 0-0 fxe4 10. dxe4 b6 11. exd5 Qxd5 12. Re1 Ba6 13. Nxe5 Bxe2 14. Bxd5+ Nxd5 15. Rxe2 Re8 16. f4 g5 17. Ndf3 gxf4 18. Bxf4 Nxf4 19. gxf4 Nd7 20. Rae1 Nxe5 21. Nxe5 Bxe5 22. Rxe5 Rf8 23. Rg5+ Kh8 24. f5 Rg8 25. Rxg8+ Rxg8+ 26. Kf2 Rf8 27. Re5 Kg8 28. Kg3 Kf7 29. Kf4 Rg8 30. Re2 c5 31. Rd2 Ke7 32. Ke5 Rg5 33. h4 Rh5 34. Rh2 Kf7 35. Rd2 Ke7 36. Rg2 Kf7 37. Rg4 Rh6 38. Rf4 Rh5 39. Kd6 Kf6 40. Kc7 Ke5 41. Rf2 Kf6 42. Kb7 Rxh4 43. Kxa7 Ra4+ 44. Kxb6 Rxa2 45. Kxc5 Ra5+ 46. Kd4 Rxf5 47. Rxf5+ Kxf5 48. c4 1-0